|
|
|
|
| LEADER |
02061nam a2200385 a 4500 |
| 001 |
c000271505 |
| 003 |
CARM |
| 005 |
20140602132029.0 |
| 008 |
750606s1973 fr a b i000 0 eng |
| 019 |
1 |
|
|a 50074057
|5 LACONCORD2021
|
| 035 |
|
|
|a (OCoLC)812548690
|5 LACONCORD2021
|
| 040 |
|
|
|a VCAV
|b eng
|c VCAV
|
| 082 |
0 |
4 |
|a 627/.81
|
| 110 |
2 |
|
|a International Commission on Large Dams.
|b Committee on Failures and Accidents to Large Dams.
|
| 245 |
1 |
0 |
|a Lessons from dam incidents /
|c by the Committee on Failures and Accidents to Large Dams.
|
| 250 |
|
|
|a Draft ed
|
| 260 |
|
|
|a Paris :
|b ICOLD,
|c 1972.
|
| 300 |
|
|
|a 5 v. :
|b ill. ;
|c 30 cm.
|
| 505 |
0 |
|
|a v.1 Lessons from dam incidents -- App. A Evolution in the design and construction of dams -- App. B I & II Brief descriptions of dam incidents -- App. C Bibliography
|
| 500 |
|
|
|a English and French.
|
| 504 |
|
|
|a Includes bibliographical references.
|
| 650 |
|
0 |
|a Dam failures.
|
| 852 |
8 |
|
|b CARM
|h A1:AN21D0
|i F02654
|p 0392369
|j v.1
|f BK
|
| 852 |
8 |
|
|b CARM
|h A1:AN21D0
|i F02654
|p 0392370
|j Appendix B1
|f BK
|
| 852 |
8 |
|
|b CARM
|h A1:AN21D0
|i F02654
|p 0392371
|j Appendix B2
|f BK
|
| 852 |
8 |
|
|b CARM
|h A1:AN21D0
|i F02654
|p 0392372
|j Appendix C
|f BK
|
| 852 |
8 |
|
|b CARM
|p 0603397
|j Appendix A
|f BK
|
| 852 |
8 |
|
|b SCAN
|h A3:AH08C0
|i F08859
|p 0603397
|f BK
|
| 999 |
f |
f |
|i 37ef8f9a-f331-5d2d-ae37-719bd17c79c4
|s 775d8cf0-6ea3-52e6-9252-0f4926a0711c
|
| 952 |
f |
f |
|p Can circulate
|a CAVAL
|b CAVAL
|c CAVAL
|d CARM 1 Store
|e F02654
|f A1:AN21D0
|h Other scheme
|i book
|j Appendix B1
|m 0392370
|
| 952 |
f |
f |
|p Can circulate
|a CAVAL
|b CAVAL
|c CAVAL
|d CARM 1 Store
|e F02654
|f A1:AN21D0
|h Other scheme
|i book
|j Appendix B2
|m 0392371
|
| 952 |
f |
f |
|p Can circulate
|a CAVAL
|b CAVAL
|c CAVAL
|d CARM 1 Store
|e F02654
|f A1:AN21D0
|h Other scheme
|i book
|j Appendix C
|m 0392372
|
| 952 |
f |
f |
|p Can circulate
|a CAVAL
|b CAVAL
|c CAVAL
|d CARM 1 Store
|e F02654
|f A1:AN21D0
|h Other scheme
|i book
|j v.1
|m 0392369
|
| 952 |
f |
f |
|p Can circulate
|a CAVAL
|b CAVAL
|c CAVAL
|d CARM 1 Store
|e F02654
|f A1:AN21D0
|h Other scheme
|i book
|j Appendix A
|m 0603397
|
| 952 |
f |
f |
|a CAVAL
|b CAVAL
|c CAVAL
|d Unmapped Location
|e F08859
|f A3:AH08C0
|h Other scheme
|